| 000 | 01041cam a22003135i 4500 | ||
|---|---|---|---|
| 999 |
_c27668 _d27639 |
||
| 001 | 019055375 | ||
| 003 | EG-ScBUE | ||
| 005 | 20191024135157.0 | ||
| 008 | 180704s2018 enk f b 001 0 eng d | ||
| 020 | _a9781787380332 (pbk.) | ||
| 040 |
_aStDuBDS _beng _erda _cStDuBDS _dEG-ScBUE |
||
| 043 | _aa-ti--- | ||
| 082 | 0 | 4 |
_a320.55709611 _bWOL _222 |
| 100 | 1 |
_aWolf, Anne _q(Anne M.), _eauthor. |
|
| 245 | 1 | 0 |
_aPolitical Islam in Tunisia : _bthe history of Ennahda / _cAnne Wolf. |
| 264 | 1 |
_aLondon : _bHurst & Company, _c2018. |
|
| 300 |
_axxiv, 269 pages : _c22 cm |
||
| 336 |
_atext _2rdacontent _btxt |
||
| 337 |
_aunmediated _2rdamedia _bn |
||
| 338 |
_avolume _2rdacarrier _bnc |
||
| 500 | _aOriginally published : 2017. | ||
| 504 | _aIncludes bibliographical references and index. | ||
| 610 | 2 | 7 |
_aḤarakat al-Nahḍah (Tunisia) _2BUEsh |
| 650 | 7 |
_aIslam and politics _zTunisia. _2BUEsh |
|
| 651 | 7 |
_aTunisia _xPolitics and government. _2BUEsh |
|
| 653 |
_bMASPPSS _bBUSBOL _cOctober2019 |
||
| 655 | _vReading book | ||
| 942 |
_2ddc _cBB |
||